000 00952nam a2200205 a 4500
001 000989872
003 AM-YEHGA
005 20250825140604.0
008 131029s1900 ru |||||||||||000|0|rus|d
040 _aAM-YEHGA
041 1 _arus
_hger
100 1 _aГеффдинг, Гаральд
245 1 0 _aИстория новейшей философии :
_bОчерк истории философии от Канта до наших дней /
_cГ. Геффдинга.
260 _aСанкт-Петербург :
_bИзд. ред. журн. "Образование",
_c1900.
300 _a496 с. ;
_c25 см.
505 0 0 _aНемецкая просветительная философия и Лессинг ; Философия романтизма ; Позитивизм ; Философия в Германии от 1850 г. до 1880 г.
653 0 _aФилософия
653 0 _aИстория философии
942 _2udc
_cBK
999 _c328469
_d328469